Hệ thống thông tin kế toán : Tóm tắt lý thuyết - 100 bài tập tự giải - trắc nghiệm = Accounting information system workbook
Sách gồm 4 phần: tóm tắt lý thuyết hệ thống thông tin kế toán, câu hỏi ôn tập - trắc nghiệm - 100 bài tập ứng dụng, đáp án câu hỏi trắc nghiệm và hướng dẫn, gợi ý lời giải một số bài tập tình huống....
Guardat en:
| Autor principal: | |
|---|---|
| Format: | Llibre |
| Idioma: | Undetermined |
| Publicat: |
Hà Nội
Thống kê
2008
|
| Matèries: | |
| Etiquetes: |
Afegir etiqueta
Sense etiquetes, Sigues el primer a etiquetar aquest registre!
|
| Thư viện lưu trữ: | Trung tâm Học liệu Trường Đại học Cần Thơ |
|---|
| LEADER | 01115nam a2200217Ia 4500 | ||
|---|---|---|---|
| 001 | CTU_140192 | ||
| 008 | 210402s9999 xx 000 0 und d | ||
| 020 | |c 64500 | ||
| 082 | |a 657.1076 | ||
| 082 | |b T120 | ||
| 100 | |a Thiều, Thị Tâm | ||
| 245 | 0 | |a Hệ thống thông tin kế toán : Tóm tắt lý thuyết - 100 bài tập tự giải - trắc nghiệm = | |
| 245 | 0 | |b Accounting information system workbook | |
| 245 | 0 | |c Thiều Thị Tâm, Nguyễn Việt Hưng, Phạm Quang Huy; Phan Đức Dũng hiệu đính | |
| 260 | |a Hà Nội | ||
| 260 | |b Thống kê | ||
| 260 | |c 2008 | ||
| 520 | |a Sách gồm 4 phần: tóm tắt lý thuyết hệ thống thông tin kế toán, câu hỏi ôn tập - trắc nghiệm - 100 bài tập ứng dụng, đáp án câu hỏi trắc nghiệm và hướng dẫn, gợi ý lời giải một số bài tập tình huống. | ||
| 650 | |a Accounting,Kế toán | ||
| 904 | |i Trọng Hải | ||
| 980 | |a Trung tâm Học liệu Trường Đại học Cần Thơ | ||